|
|
|
|
| LEADER |
01157nam a22002778a 4500 |
| 001 |
29443 |
| 003 |
BD-DhAAL |
| 005 |
20150802154235.0 |
| 008 |
150802s2011 riua b 101 0 eng |
| 010 |
|
|
|a 2010030559
|
| 020 |
|
|
|a 9780821848128 (alk. paper)
|
| 040 |
|
|
|a DLC
|c DLC
|d DLC
|d BD-DhAAL
|
| 050 |
0 |
0 |
|a QA248
|b .B66 2011
|
| 082 |
0 |
0 |
|a 511.322
|2 22
|
| 111 |
2 |
|
|a Boise Extravaganza in Set Theory Conference.
|9 13447
|
| 245 |
1 |
0 |
|a Set theory and its applications :
|b annual Boise Extravaganza in Set Theory, 1995--2010, Boise, Idaho /
|c L. Babinkostova ... [et al.], editors.
|
| 260 |
|
|
|a Providence, R.I. :
|b American Mathematical Society,
|c c2011.
|
| 300 |
|
|
|a xi, 330 p. :
|b ill. ;
|c 26 cm.
|
| 490 |
0 |
|
|a Contemporary mathematics ;
|v v. 533
|
| 504 |
|
|
|a Includes bibliographical references and index.
|
| 541 |
|
|
|e 29443
|
| 650 |
|
0 |
|a Set theory
|v Congresses.
|9 13448
|
| 700 |
1 |
|
|a Babinkostova, L.
|q (Liljana)
|9 13449
|
| 942 |
|
|
|2 ddc
|c BK
|
| 999 |
|
|
|c 35131
|d 35131
|
| 952 |
|
|
|0 0
|1 0
|2 ddc
|4 0
|6 511_322000000000000_SET
|7 0
|9 55080
|a BRACUL
|b BRACUL
|c GEN
|d 2015-08-02
|e Development Book Agency
|g 11000.00
|l 1
|o 511.322 SET
|p 3010029443
|r 2018-01-10
|s 2018-01-09
|t 1
|w 2015-08-02
|y BK
|